<?xml version="1.0" encoding="UTF-8"?>
<record
    xmlns:xsi="http://www.w3.org/2001/XMLSchema-instance"
    xsi:schemaLocation="http://www.loc.gov/MARC21/slim http://www.loc.gov/standards/marcxml/schema/MARC21slim.xsd"
    xmlns="http://www.loc.gov/MARC21/slim">

  <leader>05385nam a2200361 a 4500</leader>
  <controlfield tag="003">CHAP</controlfield>
  <controlfield tag="005">20260421074822.0</controlfield>
  <controlfield tag="007">ta</controlfield>
  <controlfield tag="008">260416s2025    mx ado|fom||| 001 0 spa d</controlfield>
  <datafield tag="040" ind1=" " ind2=" ">
    <subfield code="e">rda</subfield>
  </datafield>
  <datafield tag="041" ind1=" " ind2=" ">
    <subfield code="a">spa</subfield>
    <subfield code="b">eng</subfield>
  </datafield>
  <datafield tag="100" ind1="1" ind2=" ">
    <subfield code="a">Rubio Rubio, Ricardo</subfield>
    <subfield code="9">187890</subfield>
  </datafield>
  <datafield tag="240" ind1="1" ind2="0">
    <subfield code="a">Characterization of the meat quality of holstein steers in a feedlot finishing system.</subfield>
    <subfield code="l">Espa&#xF1;ol</subfield>
  </datafield>
  <datafield tag="245" ind1="1" ind2="0">
    <subfield code="a">Caracterizaci&#xF3;n de la calidad de carne de bovino holstein en sistema de engorda estabulado /</subfield>
    <subfield code="c">Ricardo Rubio Rubio</subfield>
  </datafield>
  <datafield tag="264" ind1=" " ind2=" ">
    <subfield code="a">Chapingo, M&#xE9;xico :</subfield>
    <subfield code="b">El autor,</subfield>
    <subfield code="c">2025</subfield>
  </datafield>
  <datafield tag="300" ind1=" " ind2=" ">
    <subfield code="a">1 recurso en l&#xED;nea ( xiii, 98 p&#xE1;ginas):</subfield>
    <subfield code="b">ilustraciones, tablas, gr&#xE1;ficas, fotograf&#xED;as</subfield>
  </datafield>
  <datafield tag="336" ind1=" " ind2=" ">
    <subfield code="2">rdacontent</subfield>
    <subfield code="a">texto</subfield>
    <subfield code="b">txt</subfield>
  </datafield>
  <datafield tag="337" ind1=" " ind2=" ">
    <subfield code="2">rdamedia</subfield>
    <subfield code="a">computadora</subfield>
    <subfield code="b">c</subfield>
  </datafield>
  <datafield tag="338" ind1=" " ind2=" ">
    <subfield code="2">rdacarrier</subfield>
    <subfield code="a">recurso en l&#xED;nea</subfield>
    <subfield code="b">cr</subfield>
  </datafield>
  <datafield tag="502" ind1=" " ind2=" ">
    <subfield code="a">Tesis</subfield>
    <subfield code="b">MCTA</subfield>
    <subfield code="c">Agroindustrias</subfield>
    <subfield code="d">2025</subfield>
    <subfield code="g">MAE</subfield>
  </datafield>
  <datafield tag="504" ind1=" " ind2=" ">
    <subfield code="a">Incluye bibliograf&#xED;as</subfield>
  </datafield>
  <datafield tag="520" ind1="3" ind2=" ">
    <subfield code="a">En M&#xE9;xico, la carne de res es un alimento de gran relevancia econ&#xF3;mica, cultural y nutricional; sin embargo, persiste la percepci&#xF3;n de menor calidad en la carne proveniente de novillos Holstein, raza predominantemente lechera. Este trabajo tuvo como objetivo evaluar integralmente el desempe&#xF1;o productivo, las caracter&#xED;sticas de canal y la calidad fisicoqu&#xED;mica, tecnol&#xF3;gica, sensorial y nutricional de la carne de novillos Holstein engordados en un sistema estabulado, as&#xED; como los atributos que influyen en la preferencia del consumidor, mediante la aplicaci&#xF3;n de un experimento de elecci&#xF3;n discreta. El estudio se realiz&#xF3; con nueve novillos Holstein, finalizados durante 120 d&#xED;as en confinamiento. Se registraron peso vivo (PV), peso de canal caliente (PCC), peso de canal fr&#xED;a (PCF) y rendimiento de canal (RC), adem&#xE1;s de an&#xE1;lisis de pH, capacidad de retenci&#xF3;n de agua (CRA), color, p&#xE9;rdida por cocci&#xF3;n (PCc), fuerza de corte (FzC), perfil de textura, evaluaci&#xF3;n sensorial y perfil de &#xE1;cidos grasos del m&#xFA;sculo Longissimus dorsi. Paralelamente, se aplic&#xF3; una encuesta a consumidores de diversas regiones, evaluando raza de origen, calidad de corte, tipo de sacrificio y precio, mediante un modelo logit condicional. Los resultados productivos mostraron PV final de 536.33 kg, y un RC del 53.07 %, comparables con reportes para sistemas estabulados. La carne present&#xF3; pH 5.78, CRA 61.28 %, FzC 36.93 N y color en rangos comerciales, con aceptaci&#xF3;n sensorial moderada-alta y perfil lip&#xED;dico favorable. El experimento de elecci&#xF3;n discreta revel&#xF3; que la certificaci&#xF3;n TIF es el atributo con mayor peso positivo en la decisi&#xF3;n de compra, seguida de preferencia por razas c&#xE1;rnicas y calidad del corte, mientras que el precio tuvo efecto negativo. Se concluye que la engorda intensiva de novillos Holstein es viable y competitiva, y que estrategias de diferenciaci&#xF3;n y certificaci&#xF3;n pueden mejorar su posicionamiento en el mercado nacional.</subfield>
  </datafield>
  <datafield tag="520" ind1="3" ind2=" ">
    <subfield code="a">In Mexico, beef holds significant economic, cultural, and nutritional importance; however, there is a persistent perception that meat from Holstein steers, a predominantly dairy breed, is of lower quality. The objective of this study was to comprehensively evaluate the productive performance, carcass characteristics, and physicochemical, technological, sensory, and nutritional quality of meat from Holstein steers finished in a feedlot system, as well as the attributes influencing consumer preferences, through the application of a discrete choice experiment. The study was conducted with nine Holstein steers, finished over aa 120 days in confinement period. Measurements included live weight (LW), hot carcass weight (HCW), cold carcass weight (CCW), and carcass yield (CY), along with pH, water-holding capacity (WHC), color, cooking loss (CL), shear force (SF), texture profile, sensory evaluation, and fatty acid composition of the Longissimus dorsi muscle. In parallel, a consumer survey was carried out in various regions, to assess the effects of breed of origin, cut quality, slaughter method, and price, analyzed using a conditional logit model. The production results showed a final body weight (BW) of 536.33 kg and a carcass yield (CR) of 53.07%, comparable to values reported for feedlot systems. The meat had a pH of 5.78, water-holding capacity (WHC) of 61.28%, shear force (SF) of 36.93 N, and color within commercial ranges, with moderate-high sensory acceptance and a favorable lipid profile. The discrete choice experiment revealed that TIF certification is the attribute with the greatest positive influence on purchase decisions, followed by a preference for beef breeds and cut quality, while price had a negative effect. It is concluded that intensive fattening of Holstein steers is both viable and competitive, and that differentiation and certification strategies can enhance their positioning in the domestic market.</subfield>
  </datafield>
  <datafield tag="650" ind1="1" ind2="3">
    <subfield code="a">Carne de vaca  </subfield>
    <subfield code="2">atg</subfield>
    <subfield code="9">148500</subfield>
    <subfield code="x">Calidad de la carne</subfield>
  </datafield>
  <datafield tag="650" ind1="1" ind2="3">
    <subfield code="a">Industria del ganado y de la carne  </subfield>
    <subfield code="2">atg</subfield>
    <subfield code="9">147937</subfield>
  </datafield>
  <datafield tag="650" ind1="1" ind2="3">
    <subfield code="a">Beef  </subfield>
    <subfield code="2">atg</subfield>
    <subfield code="9">147684</subfield>
    <subfield code="x">Meat quality</subfield>
  </datafield>
  <datafield tag="650" ind1="1" ind2="3">
    <subfield code="a">Livestock and meat industry</subfield>
    <subfield code="2">atg</subfield>
    <subfield code="9">147938</subfield>
  </datafield>
  <datafield tag="700" ind1="1" ind2=" ">
    <subfield code="a">Flores Gir&#xF3;n, Emmanuel</subfield>
    <subfield code="9">161718</subfield>
    <subfield code="e">director</subfield>
  </datafield>
  <datafield tag="700" ind1="1" ind2=" ">
    <subfield code="a">M&#xE9;ndez Zamora, Gerardo</subfield>
    <subfield code="9">76604</subfield>
    <subfield code="e">asesor</subfield>
  </datafield>
  <datafield tag="700" ind1="1" ind2=" ">
    <subfield code="a">Espejel Garc&#xED;a, Anastacio</subfield>
    <subfield code="9">147446</subfield>
    <subfield code="e">asesor</subfield>
  </datafield>
  <datafield tag="856" ind1="4" ind2="0">
    <subfield code="u">http://10.13.5.2/tesis/t?/archivo.pdf</subfield>
    <subfield code="z">DESCARGAR PDF</subfield>
  </datafield>
  <datafield tag="942" ind1=" " ind2=" ">
    <subfield code="2">Clasificaci&#xF3;n Universidad Aut&#xF3;noma Chapingo</subfield>
    <subfield code="c">TD</subfield>
  </datafield>
  <datafield tag="999" ind1=" " ind2=" ">
    <subfield code="c">233179</subfield>
    <subfield code="d">233179</subfield>
  </datafield>
  <datafield tag="952" ind1=" " ind2=" ">
    <subfield code="0">0</subfield>
    <subfield code="1">0</subfield>
    <subfield code="2">local</subfield>
    <subfield code="4">0</subfield>
    <subfield code="7">0</subfield>
    <subfield code="8">TesDigM</subfield>
    <subfield code="a">IA_</subfield>
    <subfield code="b">IA_</subfield>
    <subfield code="c">E_L</subfield>
    <subfield code="d">2026-04-16</subfield>
    <subfield code="e">El autor</subfield>
    <subfield code="l">0</subfield>
    <subfield code="p">1201016444</subfield>
    <subfield code="r">2026-04-16 10:22:05</subfield>
    <subfield code="w">2026-04-16</subfield>
    <subfield code="y">TD</subfield>
  </datafield>
</record>
